[Event "30th NATO Chess Championship"]
[Site "Berlin"]
[Date "2019.09.18"]
[Round "5.55"]
[White "Murray, Brian"]
[Black "Noviks, Maris"]
[Result "0-1"]
[WhiteElo "1491"]
[BlackElo "1905"]
[PlyCount "78"]
[EventDate "2019.09.16"]
[EventType "team-tourn"]
[EventRounds "7"]
[EventCountry "GER"]
[WhiteTeam "CAN"]
[BlackTeam "LAT"]

1. e4 c5 2. Nf3 Nc6 3. c3 e5 4. Bb5 d6 5. O-O Bd7 6. Re1 Qb6 7. a4 Nf6 8. Na3
Be7 9. Nc4 Qc7 10. d4 cxd4 11. cxd4 O-O 12. dxe5 dxe5 13. Bxc6 Bxc6 14. Ncxe5
Bxe4 15. Bf4 Qa5 16. Nd7 Bxf3 17. Nxf6+ Bxf6 18. gxf3 Qf5 19. Bg3 Rfd8 20. Qe2
h6 21. Kh1 b6 22. Qe4 Qa5 23. b4 Qd5 24. Rad1 Qb3 25. Rxd8+ Rxd8 26. b5 Qc3 27.
Kg2 Qb3 28. Rb1 Qa2 29. Re1 Qd2 30. Bf4 Qd7 31. h3 Kh8 32. Kh2 Rc8 33. Rg1 Rc5
34. h4 Rh5 35. Rg4 g5 36. Qa8+ Bd8 37. Bxg5 hxg5 38. Qe4 f5 39. Qe5+ Kh7 $138
0-1

[Event "30th NATO Chess Championship"]
[Site "Berlin"]
[Date "2019.09.19"]
[Round "5.56"]
[White "Cappon, Kaan"]
[Black "Langer, Herb"]
[Result "1/2-1/2"]
[WhiteElo "1841"]
[BlackElo "1751"]
[PlyCount "49"]
[EventDate "2019.09.16"]
[EventType "team-tourn"]
[EventRounds "7"]
[EventCountry "GER"]
[WhiteTeam "BEL"]
[BlackTeam "CAN"]

1. e4 e6 2. d4 d5 3. Nc3 Bb4 4. exd5 exd5 5. Nf3 Nf6 6. Be2 O-O 7. O-O Bf5 8.
Bg5 c6 9. a3 Be7 10. Ne5 Nbd7 11. Nxd7 Qxd7 12. Qd2 Rfe8 13. Rae1 Ne4 14. Nxe4
Bxe4 15. Bxe7 Rxe7 16. Bd1 Rae8 17. f3 Bg6 18. Kf2 h6 19. Rxe7 Qxe7 20. g3 Kf8
21. Re1 Qxe1+ 22. Qxe1 Rxe1 23. Kxe1 Ke7 24. Kd2 Kd6 25. h4 1/2-1/2

[Event "30th NATO Chess Championship"]
[Site "Berlin"]
[Date "2019.09.19"]
[Round "5.57"]
[White "Smit, Jan"]
[Black "Ghiacy, Jelani"]
[Result "1-0"]
[WhiteElo "1808"]
[BlackElo "1238"]
[PlyCount "61"]
[EventDate "2019.09.16"]
[EventType "team-tourn"]
[EventRounds "7"]
[EventCountry "GER"]
[WhiteTeam "NED"]
[BlackTeam "CAN"]

1. d4 d5 2. Nf3 Nf6 3. Bg5 h6 4. Bh4 Nc6 5. Nbd2 Bf5 6. c3 e6 7. e3 a6 8. Ne5
Nxe5 9. dxe5 g5 10. Bg3 Nd7 11. Be2 Bg7 12. f4 c6 13. Nb3 Be4 14. O-O Qb6 15.
Bf2 Rd8 16. Bh5 Ke7 17. Qd2 Qc7 18. Bg3 Bf5 19. Qf2 c5 20. Rad1 b6 21. Qe2 a5
22. Nd2 c4 23. e4 gxf4 24. exf5 Bxe5 25. Bh4+ f6 26. fxe6 Kxe6 27. Rxf4 Kd6 28.
Nxc4+ Kc6 29. Nxe5+ fxe5 30. Bxd8 Qxd8 31. Rf7 1-0

[Event "30th NATO Chess Championship"]
[Site "Berlin"]
[Date "2019.09.19"]
[Round "6.7"]
[White "Andersen, Hans Christoph"]
[Black "Kedzierski, Slawomir"]
[Result "1-0"]
[WhiteElo "2201"]
[BlackElo "2163"]
[PlyCount "87"]
[EventDate "2019.09.16"]
[EventType "team-tourn"]
[EventRounds "7"]
[EventCountry "GER"]

1. d4 Nf6 2. c4 e6 3. g3 d5 4. Nf3 Be7 5. Bg2 O-O 6. O-O c6 7. Qc2 b6 8. Nbd2
Nbd7 9. e4 dxe4 10. Nxe4 Bb7 11. Rd1 Nxe4 12. Qxe4 Qc7 13. Bf4 Bd6 14. Bxd6
Qxd6 15. c5 Qc7 16. Rac1 Rfd8 17. Qe2 Nf6 18. Ne5 Nd5 19. h4 b5 20. Be4 a5 21.
Bb1 Ba6 22. Qc2 g6 23. h5 f6 24. Nf3 g5 25. Re1 Re8 26. Re4 Qg7 27. Rce1 Bc8
28. Kg2 a4 29. a3 b4 30. axb4 Nxb4 31. Qd2 Nd5 32. Ba2 Bd7 33. Bc4 Qf7 34. Rh1
Reb8 35. Ree1 a3 36. bxa3 Rxa3 37. h6 Qf8 38. Bxd5 cxd5 39. Qc2 Qc8 40. Rb1
Rba8 41. Rb6 Be8 42. Qe2 Bf7 43. Rhb1 Bh5 44. R1b3 1-0

[Event "30th NATO Chess Championship"]
[Site "Berlin"]
[Date "2019.09.19"]
[Round "6.8"]
[White "Helbig, Mark"]
[Black "Tommasini, Enzo"]
[Result "1/2-1/2"]
[WhiteElo "2332"]
[BlackElo "2147"]
[PlyCount "44"]
[EventDate "2019.09.16"]
[EventType "team-tourn"]
[EventRounds "7"]
[EventCountry "GER"]

1. d4 d5 2. c4 c6 3. Nf3 Nf6 4. Nc3 e6 5. e3 Nbd7 6. Bd3 dxc4 7. Bxc4 b5 8. Bd3
Bb7 9. e4 b4 10. Na4 c5 11. e5 Nd5 12. O-O Qa5 13. Re1 Rc8 14. Nxc5 Nxc5 15.
dxc5 Bxc5 16. Ng5 h6 17. Qh5 O-O 18. Nh7 Rfd8 19. Bxh6 Bf8 20. Bg5 Rd7 21. Nf6+
Nxf6 22. Qh3 Rxd3 1/2-1/2

[Event "30th NATO Chess Championship"]
[Site "Berlin"]
[Date "2019.09.19"]
[Round "6.10"]
[White "Tocco, Paolo"]
[Black "Pietruszewski, Marcin"]
[Result "0-1"]
[WhiteElo "2089"]
[BlackElo "2215"]
[PlyCount "108"]
[EventDate "2019.09.16"]
[EventType "team-tourn"]
[EventRounds "7"]
[EventCountry "GER"]

1. f4 c5 2. Nf3 d5 3. g3 g6 4. Bg2 Bg7 5. O-O Nc6 6. d3 Nf6 7. c3 O-O 8. Na3
Rb8 9. Ne5 Qb6 10. Nxc6 Qxc6 11. Nc4 Qa6 12. Ne5 Rd8 13. Qc2 Be6 14. e4 dxe4
15. dxe4 Ng4 16. Nxg4 Bxg4 17. Be3 Be2 18. Rfe1 Bd3 19. Qf2 b6 20. g4 Rd7 21.
e5 Qc4 22. Bc6 Rc7 23. Bf3 Rd8 24. a3 a5 25. Rad1 Rcd7 26. Bc6 Rc7 27. Bf3 f6
28. exf6 exf6 29. Rd2 Rcd7 30. Red1 Qe6 31. h3 f5 32. g5 a4 33. Kg2 Kf7 34. Kg3
Rd6 35. Be2 Qe4 36. Qf3 Qxf3+ 37. Kxf3 Bxe2+ 38. Kxe2 Ke6 39. Rxd6+ Rxd6 40.
Rxd6+ Kxd6 41. Kd3 b5 42. Bd2 Kd5 43. Bc1 Bf8 44. Bd2 Bd6 45. Bc1 Bc7 46. Bd2
Bb6 47. Be3 Ba7 48. c4+ bxc4+ 49. Kc3 Bb6 50. Bf2 Bc7 51. Be3 Bd6 52. Bd2 Bf8
53. Be3 Bg7+ 54. Kc2 Bd4 0-1

[Event "30th NATO Chess Championship"]
[Site "Berlin"]
[Date "2019.09.19"]
[Round "6.14"]
[White "Kende, Gyorgy"]
[Black "Valeinis, Janis"]
[Result "1/2-1/2"]
[WhiteElo "2036"]
[BlackElo "2206"]
[PlyCount "43"]
[EventDate "2019.09.16"]
[EventType "team-tourn"]
[EventRounds "7"]
[EventCountry "GER"]

1. e4 c5 2. Nf3 Nc6 3. Nc3 g6 4. Bc4 Bg7 5. O-O d6 6. d3 Nf6 7. h3 O-O 8. a3 a6
9. Be3 b5 10. Ba2 e5 11. Nd5 Nxd5 12. Bxd5 Bd7 13. c3 Rc8 14. b4 Qe7 15. Qb3
Kh8 16. Ng5 Nd8 17. c4 f5 18. exf5 gxf5 19. Bd2 Bf6 20. f4 Qg7 21. Rae1 exf4
22. Nf3 1/2-1/2

[Event "30th NATO Chess Championship"]
[Site "Berlin"]
[Date "2019.09.19"]
[Round "6.18"]
[White "Randall, Gordon"]
[Black "Mestek, Igor"]
[Result "0-1"]
[WhiteElo "1975"]
[BlackElo "2087"]
[PlyCount "138"]
[EventDate "2019.09.16"]
[EventType "team-tourn"]
[EventRounds "7"]
[EventCountry "GER"]

1. d4 d6 2. e4 Nf6 3. f3 c6 4. c4 e5 5. Be3 Be7 6. Nc3 Nbd7 7. Nge2 O-O 8. Qd2
d5 9. Ng3 dxe4 10. dxe5 Nxe5 11. Ngxe4 Bf5 12. Bd4 Nxe4 13. Nxe4 Bxe4 14. Bxe5
Qxd2+ 15. Kxd2 Bb4+ 16. Ke3 Bg6 17. a3 Bc5+ 18. Kf4 f6 19. Bc3 Rfe8 20. Rd1
Rad8 21. Rxd8 Rxd8 22. Be2 Re8 23. Bd1 Bd6+ 24. Kg4 h5+ 25. Kh3 Bf5+ 26. g4
hxg4+ 27. Kg2 gxf3+ 28. Bxf3 Be4 29. Rd1 Bxf3+ 30. Kxf3 Re6 31. b4 Kf7 32. h3
c5 33. Rd5 b6 34. Rh5 Re8 35. Rd5 Ke6 36. Kg4 cxb4 37. Bxb4 Be5 38. Rb5 Rd8 39.
c5 Rd4+ 40. Kf3 Bc7 41. cxb6 axb6 42. Rh5 g5 43. Ke3 Kd5 44. Rh7 Bf4+ 45. Kf3
Rd3+ 46. Kg4 Ke4 47. Re7+ Be5 48. h4 Rg3+ 49. Kh5 Rh3 50. Be1 gxh4 51. Re6 Rxa3
52. Bxh4 Rb3 53. Bxf6 Kf5 54. Rxe5+ Kxf6 55. Re1 Kf5 56. Kh6 b5 57. Kg7 b4 58.
Kf7 Kf4 59. Kf6 Re3 60. Rb1 b3 61. Rh1 Ke4 62. Rh8 Kd3 63. Rd8+ Kc2 64. Rc8+
Rc3 65. Rh8 b2 66. Rh2+ Kb3 67. Rh8 Rc4 68. Rh3+ Ka2 69. Rh2 Ka1 0-1

[Event "30th NATO Chess Championship"]
[Site "Berlin"]
[Date "2019.09.19"]
[Round "6.22"]
[White "Sauer, Marko"]
[Black "Crapulli, Giuseppe"]
[Result "1-0"]
[WhiteElo "2081"]
[BlackElo "1836"]
[PlyCount "49"]
[EventDate "2019.09.16"]
[EventType "team-tourn"]
[EventRounds "7"]
[EventCountry "GER"]

1. e4 c5 2. Nf3 d6 3. d4 cxd4 4. Nxd4 Nf6 5. Nc3 a6 6. a4 e6 7. Be3 b6 8. g3
Bb7 9. Bg2 Nbd7 10. Qe2 Qc7 11. f4 e5 12. Nb3 Be7 13. f5 h5 14. h3 O-O-O 15.
O-O-O Nc5 16. Nxc5 dxc5 17. Qc4 Rxd1+ 18. Rxd1 Rf8 19. Bf3 g6 20. fxg6 fxg6 21.
Bh6 Rg8 22. g4 hxg4 23. Bxg4+ Kb8 24. Rd7 Nxd7 25. Qxg8+ 1-0

[Event "30th NATO Chess Championship"]
[Site "Berlin"]
[Date "2019.09.19"]
[Round "6.29"]
[White "Stankowski, Aleksander"]
[Black "Allmann, Lauri"]
[Result "1-0"]
[WhiteElo "2022"]
[BlackElo "1827"]
[PlyCount "91"]
[EventDate "2019.09.16"]
[EventType "team-tourn"]
[EventRounds "7"]
[EventCountry "GER"]

1. Nf3 d5 2. g3 g6 3. Bg2 Bg7 4. O-O Nf6 5. d3 O-O 6. Nc3 Nbd7 7. e4 dxe4 8.
dxe4 Nc5 9. e5 Ng4 10. Qe2 c6 11. h3 Nh6 12. Be3 Ne6 13. g4 Qc7 14. Qd2 g5 15.
Nxg5 Qxe5 16. Nf3 Qf6 17. g5 Nxg5 18. Bxg5 Qg6 19. Nh4 Qd6 20. Qxd6 exd6 21.
Be7 Re8 22. Bxd6 Bf6 23. Bg3 Kh8 24. Ne4 Bxb2 25. Rab1 Be5 26. Bxe5+ Rxe5 27.
Ng3 Rc5 28. Rfd1 Be6 29. Rxb7 Rxc2 30. Rdb1 Kg7 31. Rb8 Rxb8 32. Rxb8 Rc5 33.
Bf3 Rc1+ 34. Kg2 Kf6 35. Be4 a5 36. Ra8 Rc5 37. Ra6 Bxa2 38. Bxc6 Ke5 39. Nf3+
Kf4 40. Be4 Be6 41. Bd3 Bxh3+ 42. Kxh3 Ng4 43. Kg2 Ne5 44. Rf6+ Kg4 45. Bf5+
Kf4 46. Be6# 1-0

[Event "30th NATO Chess Championship"]
[Site "Berlin"]
[Date "2019.09.19"]
[Round "6.31"]
[White "Cheung, Jan W"]
[Black "Ivbulis, Martins"]
[Result "1/2-1/2"]
[WhiteElo "2015"]
[BlackElo "1795"]
[PlyCount "140"]
[EventDate "2019.09.16"]
[EventType "team-tourn"]
[EventRounds "7"]
[EventCountry "GER"]
[WhiteTeam "NED"]
[BlackTeam "LAT"]

1. d4 d5 2. c4 e6 3. Nf3 a6 4. cxd5 exd5 5. Nc3 h6 6. Bf4 Nf6 7. e3 Bd6 8. Bxd6
Qxd6 9. Bd3 O-O 10. h3 Be6 11. O-O Nbd7 12. Rc1 c5 13. dxc5 Nxc5 14. Bb1 Rfd8
15. Qe2 b5 16. b4 Nce4 17. Qb2 Qb6 18. Nd4 Nd6 19. Nb3 Nc4 20. Qe2 Rac8 21.
Rfd1 Rc6 22. Qd3 Nb2 23. Qd4 Nxd1 24. Qxb6 Rxb6 25. Rxd1 Rc6 26. Ne2 Rc4 27. a3
Rdc8 28. Bd3 R4c6 29. Nc5 Nd7 30. Nd4 Rd6 31. Nf5 Bxf5 32. Bxf5 Rxc5 33. bxc5
Nxc5 34. Rc1 g6 35. Bxg6 Nb3 36. Rc8+ Kg7 37. Bc2 Na5 38. Rc3 Rc6 39. Rxc6 Nxc6
40. Bb3 d4 41. Bd5 Ne7 42. Be4 dxe3 43. fxe3 Kf6 44. Kf2 Ke5 45. Bd3 Nf5 46. g4
Nd6 47. h4 Ne4+ 48. Ke2 Nc5 49. Bb1 f6 50. Bf5 a5 51. Kd2 Ne4+ 52. Kd3 Nd6 53.
Bd7 Kd5 54. Ke2 Kc4 55. Kf3 Kb3 56. Kf4 Kxa3 57. e4 Kb4 58. e5 fxe5+ 59. Kxe5
Nc4+ 60. Ke6 a4 61. g5 a3 62. g6 a2 63. g7 a1=Q 64. g8=Q Qe1+ 65. Kf5 Qxh4 66.
Qf8+ Kb3 67. Qg7 Qg5+ 68. Qxg5 hxg5 69. Bxb5 Nd6+ 70. Kxg5 Nxb5 1/2-1/2

[Event "30th NATO Chess Championship"]
[Site "Berlin"]
[Date "2019.09.19"]
[Round "6.32"]
[White "Tucker, David Sidney"]
[Black "Geroly, Jozsef"]
[Result "1-0"]
[WhiteElo "1997"]
[BlackElo "1766"]
[PlyCount "57"]
[EventDate "2019.09.16"]
[EventType "team-tourn"]
[EventRounds "7"]
[EventCountry "GER"]
[WhiteTeam "ENG"]
[BlackTeam "HUN"]

1. e4 d6 2. d4 g6 3. Nf3 Bg7 4. c3 a6 5. a4 Nd7 6. Nbd2 b6 7. Bd3 Bb7 8. O-O c5
9. Re1 e5 10. d5 Ne7 11. Qe2 h6 12. Nc4 Qc7 13. Ne3 Nf6 14. c4 Bc8 15. a5 O-O
16. axb6 Qxb6 17. Bd2 Ng4 18. Ba5 Qb7 19. Reb1 Nxe3 20. fxe3 f5 21. b4 fxe4 22.
Bxe4 Qd7 23. bxc5 dxc5 24. Ne1 Bb7 25. Nd3 Rac8 26. Bb6 Bxd5 27. cxd5 Nxd5 28.
Nxc5 Rxc5 29. Bxc5 1-0

[Event "30th NATO Chess Championship"]
[Site "Berlin"]
[Date "2019.09.19"]
[Round "6.33"]
[White "Almonti, Alessandro"]
[Black "Fielding, Michael"]
[Result "1-0"]
[WhiteElo "1976"]
[BlackElo "1760"]
[PlyCount "107"]
[EventDate "2019.09.16"]
[EventType "team-tourn"]
[EventRounds "7"]
[EventCountry "GER"]
[WhiteTeam "ITA"]
[BlackTeam "ENG"]

1. Nf3 f5 2. d3 d6 3. c4 e5 4. Nc3 Be7 5. g3 Nf6 6. Bg2 O-O 7. b3 Nc6 8. Bb2 a5
9. a3 e4 10. dxe4 fxe4 11. Nd4 Nxd4 12. Qxd4 e3 13. f3 Bd7 14. O-O Bc6 15. Qxe3
Qd7 16. Rad1 b6 17. Qd2 Qf5 18. e4 Qg6 19. Ne2 Nd7 20. Nf4 Qf7 21. Nd5 Rac8 22.
Bh3 Bf6 23. Bxf6 gxf6 24. Qf4 Bxd5 25. cxd5 Kh8 26. Be6 Qe7 27. Bxd7 Qxd7 28.
Rc1 Qb5 29. Qe3 f5 30. a4 Qe8 31. Qd4+ Kg8 32. Rce1 Qg6 33. f4 h5 34. exf5 Qxf5
35. Qe4 Qxe4 36. Rxe4 Rf5 37. Rd1 b5 38. axb5 Rb8 39. Rd3 Rxb5 40. Red4 Rc5 41.
Kg2 Rc2+ 42. Rd2 Rc3 43. R4d3 Rc5 44. Kf3 Kg7 45. h3 Rb5 46. g4 hxg4+ 47. hxg4
Rf7 48. Re2 Kf8 49. g5 Rh7 50. Kg4 Rb4 51. Rde3 Rf7 52. Re4 Rxb3 53. g6 Rd7 54.
Kg5 1-0

[Event "30th NATO Chess Championship"]
[Site "Berlin"]
[Date "2019.09.19"]
[Round "6.34"]
[White "Hater, David"]
[Black "Ivsek, Cveto"]
[Result "1-0"]
[WhiteElo "1973"]
[BlackElo "1755"]
[PlyCount "99"]
[EventDate "2019.09.16"]
[EventType "team-tourn"]
[EventRounds "7"]
[EventCountry "GER"]
[WhiteTeam "USA"]
[BlackTeam "SLO"]

1. e4 c5 2. Nf3 a6 3. c4 Nc6 4. d4 cxd4 5. Nxd4 e6 6. Nc3 Bc5 7. Be3 Qb6 8. Na4
Qa5+ 9. Bd2 Bb4 10. Nxc6 bxc6 11. b3 Bxd2+ 12. Qxd2 Qe5 13. Nc3 Nf6 14. f4 Qa5
15. e5 Ng8 16. Ne4 Qxd2+ 17. Kxd2 Ke7 18. c5 a5 19. Rd1 f6 20. Nd6 Nh6 21. Nc4
Ng4 22. Ke1 fxe5 23. fxe5 Rf8 24. Rd4 Nh6 25. g4 Ra7 26. Bd3 g6 27. h4 Ba6 28.
h5 Bxc4 29. Rxc4 g5 30. Bxh7 Rb7 31. Bd3 Rb4 32. Rxb4 axb4 33. Be2 Rf4 34. Rf1
Rxf1+ 35. Kxf1 Nf7 36. Kf2 Nxe5 37. Ke3 Kf6 38. Kd4 Nf7 39. Kc4 Ke5 40. Kxb4 d5
41. cxd6 Kxd6 42. a4 Nh6 43. a5 e5 44. a6 Kc7 45. Kc5 Nf7 46. Bc4 Nh6 47. Be6
e4 48. Kd4 Kb6 49. Kxe4 Kxa6 50. Ke5 1-0

[Event "30th NATO Chess Championship"]
[Site "Berlin"]
[Date "2019.09.19"]
[Round "6.35"]
[White "Violini, Paolo"]
[Black "Ross, David"]
[Result "1/2-1/2"]
[WhiteElo "1963"]
[BlackElo "1599"]
[PlyCount "54"]
[EventDate "2019.09.16"]
[EventType "team-tourn"]
[EventRounds "7"]
[EventCountry "GER"]
[WhiteTeam "ITA"]
[BlackTeam "ENG"]

1. d4 Nf6 2. Nf3 g6 3. g3 Bg7 4. Bg2 d5 5. O-O O-O 6. c4 c6 7. Nc3 Bf5 8. Qb3
Qb6 9. Qxb6 axb6 10. cxd5 cxd5 11. h3 Be4 12. Bf4 Nc6 13. e3 Rfc8 14. g4 e6 15.
Rfc1 Nb4 16. Ne1 Bxg2 17. Kxg2 Nd7 18. a3 Nc6 19. Nd3 Na5 20. Rc2 Nb3 21. Rd1
b5 22. Bd6 Bf8 23. Bb4 Nb6 24. Re2 Bxb4 25. axb4 Nc4 26. Rc2 Na1 27. Rcc1 Nb3
1/2-1/2

[Event "30th NATO Chess Championship"]
[Site "Berlin"]
[Date "2019.09.19"]
[Round "6.36"]
[White "Cirkvencic, Franci"]
[Black "Glibert, Stephane"]
[Result "1/2-1/2"]
[WhiteElo "2008"]
[BlackElo "1865"]
[PlyCount "108"]
[EventDate "2019.09.16"]
[EventType "team-tourn"]
[EventRounds "7"]
[EventCountry "GER"]
[WhiteTeam "SLO"]
[BlackTeam "BEL"]

1. d4 Nf6 2. Nf3 d5 3. c4 c6 4. e3 e6 5. Nc3 Bd6 6. Qc2 Nbd7 7. b3 Qe7 8. Bb2
b6 9. Bd3 Bb7 10. O-O O-O 11. Rfe1 h6 12. h3 Rac8 13. Qe2 Rfe8 14. e4 dxe4 15.
Nxe4 Nxe4 16. Qxe4 Nf6 17. Qe3 c5 18. Ne5 cxd4 19. Bxd4 Bc5 20. Bxc5 Qxc5 21.
Qxc5 Rxc5 22. Rad1 Rcc8 23. f3 Kf8 24. Kf2 Red8 25. Bc2 Ke7 26. Ke3 Nd5+ 27.
cxd5 Rxc2 28. dxe6 Rxd1 29. Rxd1 Kxe6 30. Nxf7 Kxf7 31. Rd7+ Kf6 32. Rxb7 Rxa2
33. g3 Ra3 34. Ke4 Rxb3 35. Rxa7 b5 36. Ra6+ Kf7 37. h4 b4 38. h5 Rc3 39. Rb6
b3 40. g4 Ke7 41. f4 Kf7 42. Kf5 Rc5+ 43. Ke4 Rc4+ 44. Ke5 Rc3 45. Rb8 Rd3 46.
Kf5 Rc3 47. Rb6 Rc5+ 48. Ke4 Rc3 49. Rb8 Rc4+ 50. Ke5 Rc3 51. Rb7+ Kg8 52. g5
hxg5 53. fxg5 Rc5+ 54. Kf4 Rc4+ 1/2-1/2

[Event "30th NATO Chess Championship"]
[Site "Berlin"]
[Date "2019.09.19"]
[Round "6.37"]
[White "Korge, Kersti"]
[Black "Farrell, John F"]
[Result "1/2-1/2"]
[WhiteElo "1842"]
[BlackElo "1985"]
[PlyCount "90"]
[EventDate "2019.09.16"]
[EventType "team-tourn"]
[EventRounds "7"]
[EventCountry "GER"]
[WhiteTeam "EST"]
[BlackTeam "USA"]

1. e4 e5 2. Nf3 Nf6 3. Nxe5 d6 4. Nf3 Nxe4 5. d3 Nf6 6. d4 d5 7. Bd3 Bd6 8. O-O
O-O 9. Re1 Nc6 10. c3 Ne7 11. Nbd2 Ng6 12. Ne5 Re8 13. Ndf3 Bxe5 14. Nxe5 Nxe5
15. dxe5 Ng4 16. Bf4 f6 17. exf6 Rxe1+ 18. Qxe1 Nxf6 19. Qe5 c6 20. Re1 Bd7 21.
Bg5 Be8 22. Bxf6 Qxf6 23. Qxf6 gxf6 24. Re7 Rb8 25. Bxh7+ Kf8 26. Rc7 a5 27. g4
b5 28. Bf5 Rd8 29. h4 Kg8 30. h5 d4 31. cxd4 Bf7 32. Rc8 Rxc8 33. Bxc8 Bxa2 34.
f4 Bb1 35. Kf2 a4 36. Be6+ Kg7 37. Ke3 b4 38. Kd2 a3 39. bxa3 bxa3 40. Kc1 Be4
41. g5 fxg5 42. fxg5 Bf3 43. Bd7 Bxh5 44. Bxc6 Kg6 45. Kb1 Kxg5 1/2-1/2

[Event "30th NATO Chess Championship"]
[Site "Berlin"]
[Date "2019.09.19"]
[Round "6.38"]
[White "Christen, Pierre"]
[Black "Steffers, Hendrik"]
[Result "1-0"]
[WhiteElo "1837"]
[BlackElo "1965"]
[PlyCount "97"]
[EventDate "2019.09.16"]
[EventType "team-tourn"]
[EventRounds "7"]
[EventCountry "GER"]
[WhiteTeam "LUX"]
[BlackTeam "NED"]

1. c4 g6 2. g3 Bg7 3. Bg2 Nf6 4. Nc3 O-O 5. e4 d6 6. Nge2 c5 7. O-O Nc6 8. d3
Bg4 9. f3 Bd7 10. a3 a6 11. Rb1 Rb8 12. b4 cxb4 13. axb4 Qb6+ 14. c5 dxc5 15.
Na4 Qd8 16. bxc5 Na7 17. Nb6 Bb5 18. Bf4 Qxd3 19. Bxb8 Qe3+ 20. Rf2 Rxb8 21.
Qd4 Qa3 22. e5 Nc6 23. Qc3 Qxc3 24. Nxc3 Nxe5 25. Nxb5 axb5 26. Rxb5 Nc6 27.
Rd2 Ne8 28. Rb1 Bd4+ 29. Kf1 e5 30. f4 f6 31. Rbd1 Nc7 32. Nd7 Ra8 33. Bxc6
bxc6 34. Nxf6+ Kg7 35. fxe5 Bxe5 36. Ng4 Nd5 37. Nxe5 Ne3+ 38. Ke2 Nxd1 39.
Kxd1 Ra5 40. Rc2 Ra6 41. Rb2 Kf6 42. Nd3 Ke6 43. Kc2 Ra1 44. Nc1 Ra5 45. Nb3
Ra8 46. Kc3 h5 47. Rd2 Rc8 48. Rd6+ Kf5 49. Rxc6 1-0

[Event "30th NATO Chess Championship"]
[Site "Berlin"]
[Date "2019.09.19"]
[Round "6.39"]
[White "Rosseel, Kimball"]
[Black "Heran-Boily, Samuel"]
[Result "0-1"]
[WhiteElo "1759"]
[BlackElo "1933"]
[PlyCount "130"]
[EventDate "2019.09.16"]
[EventType "team-tourn"]
[EventRounds "7"]
[EventCountry "GER"]
[WhiteTeam "BEL"]
[BlackTeam "CAN"]

1. d4 d5 2. Nf3 Bf5 3. e3 e6 4. Bd3 Nf6 5. Bxf5 exf5 6. Qd3 Qc8 7. O-O g6 8.
Nbd2 Bg7 9. b4 O-O 10. Bb2 Nbd7 11. Rac1 Ne4 12. c4 Ndf6 13. a3 Qe6 14. cxd5
Nxd5 15. Qb5 Nd6 16. Qc5 c6 17. Rfe1 Ne4 18. Qc2 Rfe8 19. Ne5 Nxd2 20. Qxd2
Rad8 21. Nd3 Re7 22. Nc5 Qd6 23. Na4 Rde8 24. Nc3 Nf6 25. h3 Bh6 26. Nd1 f4 27.
Rc2 fxe3 28. fxe3 Nd5 29. Bc1 Nxe3 30. Nxe3 Bxe3+ 31. Rxe3 Rxe3 32. Qxe3 Rxe3
33. Bxe3 f5 34. Rf2 Qe6 35. Rf3 Qe4 36. Bf2 Qb1+ 37. Kh2 a6 38. Re3 Kf7 39. Bg3
Qd1 40. Be5 Qd2 41. Rf3 Ke6 42. Kg3 Qe1+ 43. Kh2 Kd5 44. Bg3 Qa1 45. Bf2 Kc4
46. Kg3 Qc1 47. Kh2 Kb5 48. Kg3 a5 49. bxa5 Kxa5 50. Be3 Qe1+ 51. Bf2 Qe7 52.
Be3 Ka4 53. Bd2 Qd6+ 54. Kh4 b5 55. Kg5 Qh2 56. Bf4 Qxg2+ 57. Rg3 Qf2 58. Be5
f4 59. Bxf4 Qxd4 60. h4 h6+ 61. Kg4 Qd7+ 62. Kf3 Kxa3 63. Bxh6 b4 64. Kf4+ Ka4
65. Kg5 Qf5# 0-1

[Event "30th NATO Chess Championship"]
[Site "Berlin"]
[Date "2019.09.19"]
[Round "6.40"]
[White "Graham, Frazer"]
[Black "Windey, Luc"]
[Result "1/2-1/2"]
[WhiteElo "1923"]
[BlackElo "1628"]
[PlyCount "61"]
[EventDate "2019.09.16"]
[EventType "team-tourn"]
[EventRounds "7"]
[EventCountry "GER"]
[WhiteTeam "ENG"]
[BlackTeam "BEL"]

1. a3 Nf6 2. c4 d6 3. d4 g6 4. Nf3 Bg7 5. g3 O-O 6. Bg2 c6 7. O-O Nbd7 8. b4
Re8 9. Bb2 Qc7 10. Nbd2 e5 11. dxe5 Nxe5 12. Nxe5 dxe5 13. Qc2 Bf5 14. e4 Be6
15. Rfd1 Rad8 16. c5 Re7 17. Nc4 Bxc4 18. Qxc4 Red7 19. Qc2 Ne8 20. Bh3 Rxd1+
21. Rxd1 Qe7 22. Rd3 Nc7 23. Qd1 Rxd3 24. Qxd3 Ne6 25. Bxe6 fxe6 26. Bc1 Bf6
27. h4 Qd8 28. Qd6 Kf7 29. f4 exf4 30. Qxd8 Bxd8 31. Bxf4 1/2-1/2

[Event "30th NATO Chess Championship"]
[Site "Berlin"]
[Date "2019.09.19"]
[Round "6.41"]
[White "Middaugh, Jon S"]
[Black "Bublys, Vaidotas"]
[Result "1-0"]
[WhiteElo "1918"]
[BlackElo "1863"]
[PlyCount "96"]
[EventDate "2019.09.16"]
[EventType "team-tourn"]
[EventRounds "7"]
[EventCountry "GER"]
[WhiteTeam "USA"]
[BlackTeam "LTU"]

{[%evp 0,83,19,31,43,-16,46,-5,35,50,54,36,49,44,39,51,47,35,81,97,109,109,136,
149,181,193,193,165,183,192,245,212,212,255,223,229,238,170,173,175,174,148,
148,151,138,142,162,105,90,89,122,108,130,156,158,157,247,115,117,119,119,96,
127,101,97,101,119,122,128,132,126,115,111,112,117,117,117,116,110,108,145,129,
134,145,144,133]} 1. d4 d5 2. c4 dxc4 3. Nc3 e6 4. e3 Nf6 5. Bxc4 c5 6. Nf3 Nc6
7. O-O Be7 8. b3 a6 9. dxc5 O-O 10. Na4 Qa5 11. a3 Rd8 12. Qc2 Qc7 13. b4 Nd7
14. Bb2 b5 15. cxb6 Nxb6 16. Nxb6 Qxb6 17. Rac1 Bb7 18. Ba2 Bf6 19. Bxf6 gxf6
20. Bb1 f5 21. Qb2 Rd6 22. Qf6 Qd8 23. Qxd8+ Raxd8 24. Bc2 f6 25. Rfd1 Na7 26.
Rxd6 Rxd6 27. Nd4 Nb5 28. Nxb5 axb5 29. Bb3 Bc6 30. h3 Kf7 31. Kf1 Ke7 32. Rd1
Rxd1+ 33. Bxd1 Kd6 34. Be2 Ke5 35. g3 Ke4 36. Ke1 Be8 37. Kd2 Bd7 38. f3+ Kd5
39. h4 h5 40. Bd3 Kd6 41. e4 fxe4 42. Bxe4 f5 43. Bd3 e5 44. Kc3 Kc6 45. Be2
Be6 46. f4 exf4 47. gxf4 Kd5 48. Bf3+ Kd6 1-0

[Event "30th NATO Chess Championship"]
[Site "Berlin"]
[Date "2019.09.19"]
[Round "6.42"]
[White "Kries, Yvon"]
[Black "De Cat, Ben"]
[Result "0-1"]
[WhiteElo "1741"]
[BlackElo "1891"]
[PlyCount "74"]
[EventDate "2019.09.16"]
[EventType "team-tourn"]
[EventRounds "7"]
[EventCountry "GER"]
[WhiteTeam "LUX"]
[BlackTeam "BEL"]

1. d4 f5 2. c4 Nf6 3. Nc3 e6 4. Nf3 Be7 5. g3 O-O 6. Bg2 c6 7. O-O d5 8. b3 Na6
9. Bf4 h6 10. Ne5 g5 11. Bd2 Kg7 12. cxd5 exd5 13. Qc1 Nd7 14. Nd3 Nc7 15. h4
Ne6 16. hxg5 hxg5 17. f4 g4 18. e3 b6 19. Nxd5 cxd5 20. Bxd5 Ba6 21. Bxa8 Qxa8
22. Nf2 Rh8 23. d5 Qxd5 24. Bc3+ Bf6 25. Bxf6+ Nxf6 26. e4 Nxe4 27. Rd1 Qa8 28.
Rd7+ Kg6 29. Qe3 N6c5 30. Rad1 Nxd7 31. Rxd7 Bc8 32. Rd4 Nxf2 33. Rd6+ Kf7 34.
Qc3 Qh1+ 35. Kxf2 Rh2+ 36. Ke3 Qg1+ 37. Kd3 Ba6+ 0-1